00519nam a22001817a 450000500170000000800410001702000150005804000070007304100080008008200220008810000210011024500560013126000530018730000350024065000120027565000280028770000220031520211215145743.0211215b ||||| |||| 00| 0 eng d a0566005379 cAL aEng 223a320.943bBEYP aKlaus Von Beyme  aPolitical system of the Federal Republic of Germany aAldershotbGower Publishing Company Limtedc1986 axiii,209 p.bHBc22.5x15.5 cm. aGermany aPolitics and Government aBEYME (Klaus Von)